Porównania w polskich piosenkach - Statystyki

Ogólne statystyki
  • Ten quiz został rozwiązany 8 razy
  • Średni wynik to 6 z 20
Statystyki odpowiedzi
Wykonawca Porównanie % Poprawnych
Sylwia Grzeszczak Ona nie chce być taka sama jak {ja}.
83%
Mrozu Świecisz jak {miliony} {monet}. Spłoniesz nim odpalę lont.
67%
Daj to głośniej Uroda jest jak {woda}. Nie chce poczekać, tylko płynie w dal! Opa!
67%
Golec uOrkiestra Do roboty mam smykałkę, krzepę mam jak {wół}.
50%
Sanah (Wisława Szymborska) Próbujemy szukać zgody, choć różnimy się od siebie jak dwie {krople} {czystej} {wody}.
50%
Elektryczne gitary Robaczek w swej dziurce jak {docent} za biurkiem.
33%
Ronnie Ferrari Rzucamy wam prezenty jak wujkowie z {Ameryki}.
33%
Mezo i Tabb Więc nie traktuj jej jak {kontraktu}, który zrywasz, gdy dzień masz gorszy.
33%
Paktofonika W pełni poczytalny, za czyny swe odpowiedzialny jak ty, nieprzemakalny, pędzi tu jak {halny}.
33%
Skolim Chciałaś mieć łobuza jak {twoje} {koleżanki}.
17%
Taco Hemingway Dym rozmywa się na momencik, ta się gapi na mnie jak {Kubrick}.
17%
Krzysztof Krawczyk Iskra błyśnie w nas i zgaśnie w nas jak {niepotrzebna} {łza}.
17%
Ralph Kaminski I wspominam w kółko jak {pomidorów} {malinowych} miłość miała boski smak.
17%
Kizo Jak coś odj***ć to jak {artyści}.
17%
Oki Okej, idzie nowy krążek jak {hokej}.
17%
Trzeci wymiar Skamieniali jak {dinozaury}, nie widzą prawdy.
17%
Sentino Czarne karty mam jak {tarot}.
0%
Young Leosia Gram sety gorące jak {Diplo}.
0%
Nowator Ta muzyka buja cię, a to dopiero jest wstęp, jak w jednym z {tańców} Signal de plane.
0%
Mata Zgarnąć banknoty zielone jak pie*****ny {Tabaluga}.
0%
Nie znaleziono quizów pasujących do podanych kryteriów
Rozkład punktacji
Procent ludzi z każdym wynikiem
Percentyl według liczby udzielonych odpowiedzi
Twoja historia wyników
Nie rozwiązałeś tego quizu